000
00177nam a2200085 4500
001
1244295
005
20251020115030.0
245
_a
FANG AİLESİ
_c
KEVIN WILSON
260
_b
DOMİNGO
999
_c
1244295
_d
1244295